| 000 | 00625nam a2200181Ia 4500 | ||
|---|---|---|---|
| 008 | 100920s9999 xx 000 0 und d | ||
| 082 |
_b25388 _a891.43 0 |
||
| 100 | _aव्यास श्रीकान्त. | ||
| 245 | _aचमत्कारी तावीज. | ||
| 260 |
_bशिक्षा भारती, कश्मीरी गेट, दिल्ली,6. _c0 |
||
| 300 |
_a75 _bसाधी |
||
| 365 | _b2 | ||
| 520 | _aहिंदी. | ||
| 630 | _aचमत्कारी तावीज. | ||
| 650 | _aहिंदी. | ||
| 730 | _aचमत्कारी तावीज. | ||
| 942 | _cBOOK | ||
| 999 |
_c683270 _d683267 |
||